| 000 | 00402nam a22001697a 4500 | ||
|---|---|---|---|
| 003 | CEME | ||
| 005 | 20210628203946.0 | ||
| 008 | 210315b xxu||||| |||| 00| 0 eng d | ||
| 020 | _a0 7506 1305 X | ||
| 040 | _c. | ||
| 082 | _a621.89 MOO | ||
| 100 |
_aMoore Desmond F _968019 |
||
| 245 | _aViscoelastic machine elements | ||
| 260 |
_aLONDON _bBUTTERWORTH _c1993 |
||
| 300 | _a341 | ||
| 942 |
_cBK _2ddc |
||
| 999 |
_c575684 _d575684 |
||